000
00302nam a22001337a 4500
008
240805b |||||||| |||| 00| 0 eng d
020
_a
9788119868131
100
_a
A. Singh
245
_a
Company Law 17th Edn.
250
_a
17th
260
_a
Lucknow
_b
EBC
_c
2024
300
_a
794
942
_2
ddc
_c
BK
999
_c
20769
_d
20769